Normal view
MARC view
- : Evans, James W
Entry Personal Name
001 - CONTROL NUMBER
- control field: 115405
003 - CONTROL NUMBER IDENTIFIER
- control field: NUST
005 - DATE AND TIME OF LATEST TRANSACTION
- control field: 20230912165326.0
008 - FIXED-LENGTH DATA ELEMENTS
- fixed length control field: 230912|| aca||aabn | a|a d
040 ## - CATALOGING SOURCE
- Original cataloging agency: NUST
- Transcribing agency: NUST
100 ## - HEADING--PERSONAL NAME
- Personal name: : Evans, James W
670 ## - SOURCE DATA FOUND
- Source citation: Work cat.: (NUST): : Evans, James W., The production and processing of inorganic materials /, 2002
